<?xml version="1.0" encoding="UTF-8"?>
<record
    xmlns:xsi="http://www.w3.org/2001/XMLSchema-instance"
    xsi:schemaLocation="http://www.loc.gov/MARC21/slim http://www.loc.gov/standards/marcxml/schema/MARC21slim.xsd"
    xmlns="http://www.loc.gov/MARC21/slim">

  <leader>015060000a22002170004500</leader>
  <datafield tag="020" ind1=" " ind2=" ">
    <subfield code="a">0-8254-1109-2</subfield>
  </datafield>
  <datafield tag="041" ind1="0" ind2=" ">
    <subfield code="a">SPA</subfield>
  </datafield>
  <datafield tag="082" ind1="0" ind2="4">
    <subfield code="a">G 297 C221d</subfield>
  </datafield>
  <datafield tag="100" ind1="1" ind2=" ">
    <subfield code="a">Caner, Ergun Mehmet</subfield>
  </datafield>
  <datafield tag="245" ind1="1" ind2="0">
    <subfield code="a">Desenmascaremos el Islam : Un estudio profundo de las costumbres y creencias musulmanas / Ergun Mehmet Caner, Emir Fethi Caner; Dante N. Rosso, Traductor</subfield>
  </datafield>
  <datafield tag="260" ind1=" " ind2=" ">
    <subfield code="a">Grand Rapids, MI. :  Portavoz</subfield>
  </datafield>
  <datafield tag="300" ind1=" " ind2=" ">
    <subfield code="a">262 Pag</subfield>
  </datafield>
  <datafield tag="500" ind1=" " ind2=" ">
    <subfield code="a">T&#xED;tulo original : Unveiling Islam: An Insider's look at Muslim life and Beliefs publicado por Kregel</subfield>
  </datafield>
  <datafield tag="505" ind1="0" ind2="0">
    <subfield code="a">- La seguridad, la pol&#xED;tica y la yijad (guerra santa) - Mahoma: el mensajero militante - La historia del islam: un rastro de sangre - El Cor&#xE1;n: "madre de libros" - La Sunna y el Jadit: los otros libros - Al&#xE1;: nombres de terror, nombres de gloria - Los fundamentos: los cinco pilares - La mujer: amor, matrimonio y propiedad - La salvaci&#xF3;n: justicia matem&#xE1;tica - Los d&#xED;as festivos: un calendario de la comunidad isl&#xE1;mica - Sectas y divisiones isl&#xE1;micas - La ilusi&#xF3;n de la libertad religiosa: el terrorismo desde adentro - Las matanzas de la yijad - Choque de culturas: el cristianismo a los ojos del musulm&#xE1;n com&#xFA;n - Jes&#xFA;s seg&#xFA;n el Cor&#xE1;n - Dentro del musulm&#xE1;n: c&#xF3;mo lograr una audiencia y ganar un alma - Ap&#xE9;ndices: El libre albedr&#xED;o, el fatalismo y el Cor&#xE1;n</subfield>
  </datafield>
  <datafield tag="650" ind1="1" ind2="4">
    <subfield code="a">ISLAMISMO</subfield>
  </datafield>
  <controlfield tag="001">13629</controlfield>
  <datafield tag="942" ind1=" " ind2=" ">
    <subfield code="c">BK</subfield>
  </datafield>
  <datafield tag="952" ind1=" " ind2=" ">
    <subfield code="0">0</subfield>
    <subfield code="1">0</subfield>
    <subfield code="4">0</subfield>
    <subfield code="7">0</subfield>
    <subfield code="8">GEN</subfield>
    <subfield code="a">FUSBC</subfield>
    <subfield code="b">FUSBC</subfield>
    <subfield code="d">2006-03-10</subfield>
    <subfield code="l">4</subfield>
    <subfield code="o">G 297 C221d </subfield>
    <subfield code="p">15663</subfield>
    <subfield code="r">2022-09-26 00:00:00</subfield>
    <subfield code="s">2022-09-23</subfield>
    <subfield code="t">1</subfield>
    <subfield code="w">2016-01-26</subfield>
    <subfield code="y">BK</subfield>
    <subfield code="B">0</subfield>
    <subfield code="C">3</subfield>
  </datafield>
  <datafield tag="999" ind1=" " ind2=" ">
    <subfield code="c">42586</subfield>
    <subfield code="d">42586</subfield>
  </datafield>
  <datafield tag="336" ind1=" " ind2=" ">
    <subfield code="a">texto</subfield>
    <subfield code="b">txt</subfield>
    <subfield code="2">rdacontent</subfield>
  </datafield>
  <datafield tag="337" ind1=" " ind2=" ">
    <subfield code="2">rdamedia</subfield>
    <subfield code="a">sin mediaci&#xF3;n</subfield>
    <subfield code="b">n</subfield>
  </datafield>
  <datafield tag="338" ind1=" " ind2=" ">
    <subfield code="2">rdacarrier</subfield>
    <subfield code="a">volumen</subfield>
    <subfield code="b">nc</subfield>
  </datafield>
</record>
